| 000 | 00956nam a2200277 a 4500 | ||
|---|---|---|---|
| 005 | 20240925065214.0 | ||
| 008 | 991125s1990 mx 000 0 spa u | ||
| 020 | _a9682402034 | ||
| 035 | _aUPN01000032277 | ||
| 040 |
_aMX-MxUPN _bspa _cMX-MxUPN |
||
| 041 | 1 |
_aspa _heng |
|
| 050 | 4 |
_aHM251 _bL538 1978 |
|
| 100 | 1 |
_aLindgren, Henry Clay, _d1914-2005 _929020 |
|
| 240 | 1 | 0 |
_aAn introduction to social psychology. _lEspañol |
| 245 | 1 | 0 | _aIntroducción a la psicología social |
| 250 | _aSegunda edición en español, quinta reimpresión (1984). | ||
| 260 |
_aMéxico, D.F. : _bTrillas, _c1978. |
||
| 300 |
_a488 páginas : _bilustraciones, gráficas |
||
| 490 | _aBiblioteca técnica de psicología | ||
| 500 | _aTraducción de: An introduction to social psychology. | ||
| 650 | 4 |
_aPsicología social _95889 |
|
| 700 | 1 |
_aParés, Nuria, _d1925- _etraductora _947283 |
|
| 902 | _aNoemiAcosta/071122 | ||
| 905 | _aLibro | ||
| 942 |
_2lcc _cLIBRO |
||
| 999 |
_c209011 _d209011 |
||